Statistics for Countries that start with 'G' by picture

Click here to take the quiz!

General Stats

  • This quiz has been taken 30 times
  • The average score is 8 of 11

Answer Stats

Answer% Correct
Greece
93%
Guatemala
79%
Germany
75%
Ghana
75%
Gabon
64%
Georgia
64%
Grenada
64%
Guinea
64%
Guinea Bissau
61%
Guyana
61%
Gambia
54%

Score Distribution

Percentile by Number Answered

Percent of People with Each Score

Your Score History

You have not taken this quiz